Design of concrete structures / (Record no. 8765)
[ view plain ]
| 000 -LEADER | |
|---|---|
| fixed length control field | 00788nam a22002412 4500 |
| 001 - CONTROL NUMBER | |
| control field | 0000019018 |
| 005 - DATE AND TIME OF LATEST TRANSACTION | |
| control field | 20151217152143.0 |
| 008 - FIXED-LENGTH DATA ELEMENTS--GENERAL INFORMATION | |
| fixed length control field | 100831s xx 000 0 eng d |
| 020 ## - INTERNATIONAL STANDARD BOOK NUMBER | |
| International Standard Book Number | 0071232605 : |
| 040 ## - CATALOGING SOURCE | |
| Original cataloging agency | KABU |
| Transcribing agency | KABU |
| 100 1# - MAIN ENTRY--PERSONAL NAME | |
| Personal name | Nilson, Arthur H. |
| -- | 0000178553 |
| 245 10 - TITLE STATEMENT | |
| Title | Design of concrete structures / |
| Statement of responsibility, etc. | Arthur H. Nilson, David Darwin, Charles W. Dolan. |
| 250 ## - EDITION STATEMENT | |
| Edition statement | 13th ed. |
| 260 ## - PUBLICATION, DISTRIBUTION, ETC. (IMPRINT) | |
| Place of publication, distribution, etc. | Boston : |
| Name of publisher, distributor, etc. | McGraw-Hill, |
| Date of publication, distribution, etc. | 2004. |
| 300 ## - PHYSICAL DESCRIPTION | |
| Extent | xiii, 779 p. |
| 650 #0 - SUBJECT ADDED ENTRY--TOPICAL TERM | |
| Topical term or geographic name as entry element | Reinforced concrete construction. |
| -- | 0000178554 |
| 650 #0 - SUBJECT ADDED ENTRY--TOPICAL TERM | |
| Topical term or geographic name as entry element | Prestressed concrete construction. |
| -- | 0000178555 |
| 700 1# - ADDED ENTRY--PERSONAL NAME | |
| Personal name | Darwin, David. |
| -- | 0000178556 |
| 700 1# - ADDED ENTRY--PERSONAL NAME | |
| Personal name | Dolan, Charles W. |
| -- | 0000178557 |
| 852 1# - LOCATION | |
| -- | p2600 KES |
| 908 ## - PUT COMMAND PARAMETER (RLIN) | |
| Put command parameter | 100831 |
| 950 ## - LOCAL HOLDINGS (RLIN) | |
| -- | 1 |
| Withdrawn status | Lost status | Source of classification or shelving scheme | Not for loan | Home library | Current library | Date acquired | Total Checkouts | Full call number | Barcode | Date last seen | Price effective from | Koha item type |
|---|---|---|---|---|---|---|---|---|---|---|---|---|
| Library of Congress Classification | Kabarak, Main Campus | Kabarak, Main Campus | 17/12/2015 | TA683.2 .N55 2004 c. 1 | 24014 | 17/12/2015 | 17/12/2015 | General Collection |